Stay for a spell / Amy Coombe.
Available copies
- 2 of 2 copies available at LARL/NWRL Consortium.
- 2 of 2 copies available at Lake Agassiz Regional Library. (Show preferred library)
Current holds
2 current holds with 2 total copies.
Show Only Available Copies
| Location | Call Number / Copy Notes | Barcode | Shelving Location | Status | Due Date |
|---|---|---|---|---|---|
| Crookston Public Library | SF COO (Text) | 33500014364152 | New | Available | - |
| Detroit Lakes Public Library | SF COO (Text) | 33500014364160 | New | Available | - |
Record details
- ISBN: 9780593955536
- ISBN: 0593955536
- Physical Description: 373 pages ; 24 cm
- Edition: First edition.
- Publisher: New York : Ace, [2026]
- Copyright: ©2026
Content descriptions
| Summary, etc.: | "An overworked princess is cursed to remain in a ... Read More |
Search for related items by subject
| Genre: | Romance fiction. Fantasy fiction. Fantasy fiction. Romance fiction. Novels. |
| LDR | 03989cam a22006498i 4500 | ||
|---|---|---|---|
| 001 | 481849 | ||
| 003 | LARL_NWRL_CONSORTIUM | ||
| 005 | 20260417145538.0 | ||
| 008 | 251222t20262026nyu e 000 f eng | ||
| 010 | . | ‡a 2025013009 | |
| 040 | . | ‡aDLC ‡beng ‡erda ‡cDLC ‡dOCLCO ‡dQJK ‡dIG# ‡dOCLCO ‡dHBP ‡dIDW ‡dTH8 ‡dIH9 ‡dZGR ‡dMWD ‡dZGR ‡dCNCAR | |
| 019 | . | ‡a1557410430 | |
| 020 | . | ‡a9780593955536 ‡q(hardcover) | |
| 020 | . | ‡a0593955536 ‡q(hardcover) | |
| 020 | . | ‡z9780593955543 ‡q(ebook) | |
| 035 | . | ‡a(OCoLC)1530783628 ‡z(OCoLC)1557410430 | |
| 042 | . | ‡apcc | |
| 082 | 0 | 4. | ‡a813.54 ‡223 |
| 100 | 1 | . | ‡aCoombe, Amy ‡c(Novelist), ‡eauthor. |
| 245 | 1 | 0. | ‡aStay for a spell / ‡cAmy Coombe. |
| 246 | 3 | 4. | ‡aStay for a spell : ‡bOne curse, seven princes, and a bookshop you'll never want to leave... |
| 250 | . | ‡aFirst edition. | |
| 264 | 1. | ‡aNew York : ‡bAce, ‡c[2026] | |
| 264 | 4. | ‡c©2026 | |
| 300 | . | ‡a373 pages ; ‡c24 cm | |
| 336 | . | ‡atext ‡btxt ‡2rdacontent | |
| 337 | . | ‡aunmediated ‡bn ‡2rdamedia | |
| 338 | . | ‡avolume ‡bnc ‡2rdacarrier | |
| 520 | . | ‡a"An overworked princess is cursed to remain in a bookshop until she discovers what her heart truly longs for, in this utterly charming and romantic cozy fantasy debut. Princess Tanadelle of the Widdenmar is disillusioned with life as a princess. She longs for real conversation, uninterrupted reading time and the chance to build a life of her own making. During a routine royal visit to the town of Little Pepperidge, Tandy's dream comes true when she finds herself cursed to remain in a run-down bookshop until she finds her heart's desire. No stranger to curses, and more than a little thrilled, she settles into life among the stacks. She soon discovers that running a bookshop is more than just whiling away the days curled up with a good book. Business is far from booming, Tandy's teenage goth assistant tries her patience, and an infuriatingly handsome pirate with a curse of his own keeps showing up and stealing her books. Despite it all, something about Tandy's new life might just make her happy, and she's determined to make it work. There are just seven minor problems. With her royal duties unfulfilled, the frantic king and queen send the seven princes of the realms to bestow upon Tandy a kiss, each one hoping to break the curse. They arrive, each more ridiculous than the last, delighted to be the manifestation of her heart's desire. After all, what more could a princess want, than a prince?"-- Provided by publisher. | |
| 650 | 0. | ‡aPrincesses ‡vFiction. ‡0(LARL_NWRL_CONSORTIUM)166712 | |
| 650 | 0. | ‡aBlessing and cursing ‡vFiction. ‡0(LARL_NWRL_CONSORTIUM)163718 | |
| 650 | 0. | ‡aBookstores ‡vFiction. | |
| 650 | 0. | ‡aCourtship ‡vFiction. ‡0(LARL_NWRL_CONSORTIUM)164162 | |
| 650 | 7. | ‡aPrincesses ‡vFiction. ‡2sears ‡0(LARL_NWRL_CONSORTIUM)166712 | |
| 650 | 7. | ‡aBlessing and cursing ‡vFiction. ‡2sears ‡0(LARL_NWRL_CONSORTIUM)163718 | |
| 650 | 7. | ‡aBookstores ‡vFiction. ‡2sears | |
| 650 | 7. | ‡aCourtship ‡vFiction. ‡2sears ‡0(LARL_NWRL_CONSORTIUM)164162 | |
| 655 | 0. | ‡aRomance fiction. | |
| 655 | 0. | ‡aFantasy fiction. | |
| 655 | 7. | ‡aFantasy fiction. ‡2lcgft | |
| 655 | 7. | ‡aRomance fiction. ‡2lcgft | |
| 655 | 7. | ‡aNovels. ‡2lcgft | |
| 758 | . | ‡1http://id.loc.gov/resources/instances/in00024370468 | |
| 758 | . | ‡4http://id.loc.gov/ontologies/bibframe/instanceOf ‡1http://id.loc.gov/resources/works/in00024370468 | |
| 776 | 0 | 8. | ‡iOnline version ‡4http://id.loc.gov/entities/relationships/onlineversion ‡aCoombe, Amy (Novelist) ‡tStay for a spell ‡bFirst edition ‡dNew York : Ace, 2026 ‡z9780593955543 ‡w(DLC) 2025013010 |
| 884 | . | ‡aDLC bibframe2marc v3.1-dev ‡g20251222 ‡qDLC ‡uhttps://github.com/lcnetdev/bibframe2marc/tree/v3.1-dev | |
| 901 | . | ‡a481849 ‡bOCoLC ‡c481849 ‡tbiblio ‡soclc | |

Add to basket
Permalink
Disable Highlighting